| 000 | 00361nam a2200157Ia 4500 | ||
|---|---|---|---|
| 008 | 230917s9999||||xx |||||||||||||| ||und|| | ||
| 040 |
_e190486 _aMAIN |
||
| 041 | _aEnglish | ||
| 082 | _a581.6 P192E(7) | ||
| 100 | _aPandey, B N | ||
| 245 | 0 | _aEconomic Botany | |
| 250 | _a7th ed. | ||
| 260 |
_aNew Delhi _bS Chand _c2007 |
||
| 300 | _a628 p. | ||
| 942 | _cBK | ||
| 999 |
_c157430 _d157430 |
||